书目信息 |
| 题名: |
中国最具网络影响力的十大电视人物
|
|
| 作者: | 李德刚 , 李岭涛 编著 | |
| 分册: | ||
| 出版信息: | 北京 中国广播电视出版社 2009 |
|
| 页数: | 225页 | |
| 开本: | 24cm | |
| 丛书名: | ||
| 单 册: | ||
| 中图分类: | K825.42=76 | |
| 科图分类: | ||
| 主题词: | 电视工作--新闻工作者--人物研究--中国--现代 , 电视工作 , 新闻工作者 | |
| 电子资源: | ||
| ISBN: | 978-7-5043-5842-4 | |
| 000 | 01155nam0 2200289 45 | |
| 001 | 1130701468 | |
| 005 | 20110310102417.71 | |
| 010 | @a978-7-5043-5842-4@dCNY46.00 | |
| 100 | @a20110122d2009 em y0chiy50 ea | |
| 101 | 0 | @achi |
| 102 | @aCN@b110000 | |
| 105 | @aa z 000yd | |
| 106 | @ar | |
| 200 | 1 | @a中国最具网络影响力的十大电视人物@AZhong Guo Zui Ju Wang Luo Ying Xiang Li De Shi Da Dian Shi Ren Wu@dTop 10 TV personages of the internet influence in China@f李德刚,李岭涛等编著@FLi De Gang, Li Ling Tao Deng Bian Zhu@zeng |
| 210 | @a北京@c中国广播电视出版社@d2009 | |
| 215 | @a225页@c照片@d24cm | |
| 300 | @a中国电视网络影响力报告·2009/李岭涛,李德刚,程文主编 | |
| 330 | @a本书收录了中国最具网络影响力的十大电视人物,包括:杨澜、郭振玺、李晓枫、王长田、马国力等。 | |
| 510 | 1 | @aTop 10 TV personages of the internet influence in China@zeng |
| 606 | 0 | @a电视工作@x新闻工作者@x人物研究@y中国@z现代 |
| 606 | 0 | @a电视工作 |
| 606 | 0 | @a新闻工作者 |
| 690 | @aK825.42=76@v4 | |
| 701 | 0 | @a李德刚@ALi De Gang@4编著 |
| 701 | 0 | @a李岭涛@ALi Ling Tao@4编著 |
| 801 | 0 | @aCN@bTANGWEI@c20110310 |
| 905 | @b0531442-46@dK825.42=76@e696@f5 | |
| 中国最具网络影响力的十大电视人物=Top 10 TV personages of the internet influence in China/李德刚,李岭涛等编著.-北京:中国广播电视出版社,2009 |
| 225页:照片;24cm |
| 中国电视网络影响力报告·2009/李岭涛,李德刚,程文主编 |
| ISBN 978-7-5043-5842-4:CNY46.00 |
| 本书收录了中国最具网络影响力的十大电视人物,包括:杨澜、郭振玺、李晓枫、王长田、马国力等。 |
| ● |
| 相关链接 |
|
|
|
|
正题名:中国最具网络影响力的十大电视人物
索取号:K825.42=76/696
 
预约/预借
| 序号 | 登录号 | 条形码 | 馆藏地/架位号 | 状态 | 备注 |
| 1 | 0531442 | 205314426 | 第二样本阅览室/ [索取号:K825.42=76/696] | 在馆 | |
| 2 | 0531443 | 205314435 | 中文系资料室/ [索取号:K825.42=76/696] | 在馆 | |
| 3 | 0531444 | 205314444 | 第二借阅区/ [索取号:K825.42=76/696] | 在馆 | |
| 4 | 0531445 | 205314453 | 第二借阅区/ [索取号:K825.42=76/696] | 在馆 | |
| 5 | 0531446 | 205314462 | 第二借阅区/ [索取号:K825.42=76/696] | 在馆 |